La ingeniería en edificios de alta tecnología : criterios de diseño, proyectos y puesta en servicio
Bewaard in:
| Hoofdauteur: | |
|---|---|
| Formaat: | Onbekend |
| Gepubliceerd in: |
España, Madrid :McGraw-Hill
1999
|
| Reeks: | McGraw-Hill de Electrotecnologías McGraw-Hill Iberdrola Ente Vasco de la Energía
|
| Onderwerpen: | |
| Tags: |
Voeg label toe
Geen labels, Wees de eerste die dit record labelt!
|
MARC
| LEADER | 00000 a2200000 4500 | ||
|---|---|---|---|
| 003 | 000878 | ||
| 005 | 20221231143835.0 | ||
| 008 | 140114s1999 S a 000 ||S d | ||
| 040 | |c cru CEDI | ||
| 082 | |a 629.83 D542i | ||
| 100 | |a Diaz Olivares, José Carlos |9 18701 | ||
| 245 | |a La ingeniería en edificios de alta tecnología : criterios de diseño, proyectos y puesta en servicio | ||
| 260 | |c 1999 |a España, Madrid :McGraw-Hill | ||
| 300 | |a xiv, 248 páginas ; ilustraciones | ||
| 440 | |a McGraw-Hill de Electrotecnologías McGraw-Hill Iberdrola Ente Vasco de la Energía |9 18702 | ||
| 650 | |x VIVIENDAS |x AUTOMATIZACION |x EDIFICIOS INTELIGENTES |x SISTEMAS DE CONTROL DIGITAL |x CONTROL AUTOMATICO |x CONTROL AUTOMATICO |x ARQUITECTURA |x INNOVACIONES TECNOLOGICAS |x PROGRAMAS |x NORMAS |9 18703 | ||
| 942 | |2 ddc |c BK | ||
| 999 | |c 12957 |d 12957 | ||
